000
00186 a2200097 4500
020
_a
9781426714368
041
_a
eng
100
_a
Daley, Margaret
245
_a
Scorned justice
942
_c
BK
999
_c
6024
_d
6024